000 00425nam a2200169Ia 4500
008 170705s9999 xx 000 0 und d
020 _a9780439351089
245 _aAt 1600 Pennsylvania Avenue /
245 _cCrystal Wirth ; illustrated by Jared Lee.
260 _aNew York :
260 _bScholastic,
260 _c2002
300 _aunpaged :
300 _bcolor illustration ;
300 _c21cm.
500 _a430
999 _c335692
_d335692